[Event "Titled Tuesday intern op 24th Sep Early"]
[Site "Chess.com INT"]
[Date "2024.09.24"]
[Round "3"]
[White "Kunz, Andre"]
[Black "Bogaudinov, Rushan"]
[Result "1-0"]
[WhiteElo "2122"]
[BlackElo "1912"]
[PlyCount "65"]
[EventDate "2024.09.24"]
[EventType "swiss (blitz)"]
[EventRounds "11"]
[EventCountry "USA"]
[SourceTitle "EXT 2025"]
[Source "ChessBase"]
[SourceDate "2024.10.14"]
[SourceVersion "1"]
[SourceVersionDate "2024.10.14"]
[SourceQuality "1"]

1. e4 e6 2. d4 a6 3. Nc3 b5 4. a3 Bb7 5. Nf3 d6 6. Bd3 Nf6 7. 0-0 c5 8. Bg5 Be7 9. e5 dxe5 10. dxe5 Nd5 11. Bxe7 Qxe7 12. Ne4 0-0 13. Re1 Nc6 14. Qd2 h6 15. c4 bxc4 16. Bxc4 Rfd8 17. Qc2 Nd4 18. Nxd4 cxd4 19. Nd6 Rac8 20. Nxc8 Rxc8 21. Qb3 Nf4 22. Bf1 Ba8 23. Rac1 Rd8 24. Qg3 g5 25. h4 d3 26. hxg5 hxg5 27. Red1 Be4 28. Rc4 Bf5 29. Rxf4 Kf8 30. Rc4 Qd7 31. Qxg5 Qd5 32. Qh6+ Ke8 33. Rc7 1-0

[Event "Titled Tuesday intern op 24th Sep Early"]
[Site "Chess.com INT"]
[Date "2024.09.24"]
[Round "8"]
[White "Kunz, Andre"]
[Black "Rosh, Jain"]
[Result "1-0"]
[WhiteElo "2122"]
[BlackElo "2076"]
[PlyCount "173"]
[EventDate "2024.09.24"]
[EventType "swiss (blitz)"]
[EventRounds "11"]
[EventCountry "USA"]
[SourceTitle "EXT 2025"]
[Source "ChessBase"]
[SourceDate "2024.10.14"]
[SourceVersion "1"]
[SourceVersionDate "2024.10.14"]
[SourceQuality "1"]

1. e4 e5 2. Nf3 d6 3. d4 Nd7 4. Nc3 Be7 5. dxe5 dxe5 6. Bc4 Ngf6 7. 0-0 0-0 8. Qe2 c6 9. h3 Qc7 10. a4 Nb6 11. Bb3 a5 12. Be3 Bd7 13. Nxe5 Qxe5 14. Bxb6 Bb4 15. Rad1 Bxc3 16. bxc3 Be6 17. Bd4 Qxe4 18. Qxe4 Nxe4 19. Bxe6 fxe6 20. Rfe1 Nf6 21. Rxe6 Nd5 22. Rde1 b5 23. Rxc6 bxa4 24. Rc4 a3 25. Ra4 Rfb8 26. Rxa3 Rb2 27. Re5 Nf6 28. Rexa5 Rxa5 29. Rxa5 Rxc2 30. Ra7 Rc1+ 31. Kh2 h6 32. Bxf6 gxf6 33. Rc7 Kf8 34. Kg3 Rc2 35. Kf3 Ke8 36. c4 Kd8 37. Rf7 Rc3+ 38. Ke2 Rc2+ 39. Ke3 Rxc4 40. Rxf6 Rh4 41. Kf3 Ke7 42. Ra6 Kf7 43. Kg3 Rh5 44. Kg4 Rg5+ 45. Kf3 Kg7 46. g4 Rb5 47. Kg3 Rb3+ 48. f3 Rb4 49. h4 Rb3 50. h5 Kh7 51. Rg6 Rc3 52. Ra6 Rb3 53. Kf4 Kg7 54. Rg6+ Kh7 55. Ra6 Kg7 56. Ke4 Rb4+ 57. Kf5 Rb5+ 58. Ke6 Rb4 59. Ra7+ Kg8 60. Ra3 Rf4 61. Ke5 Rb4 62. Rd3 Rb5+ 63. Rd5 Rb8 64. f4 Re8+ 65. Kd4 Kg7 66. Rd7+ Kg8 67. g5 hxg5 68. fxg5 Re1 69. Ra7 Rg1 70. g6 Rg5 71. Ra8+ Kg7 72. Ra7+ Kg8 73. Rh7 Ra5 74. Ke4 Rg5 75. Kf4 Ra5 76. Kg4 Ra4+ 77. Kg5 Ra5+ 78. Kh6 Ra8 79. Rg7+ Kh8 80. Rb7 Kg8 81. Rb5 Rc8 82. Kg5 Kh8 83. h6 Kg8 84. h7+ Kh8 85. Kh6 Rc7 86. Rb8+ Rc8 87. Rxc8# 1-0

[Event "Titled Tuesday intern op 24th Sep Early"]
[Site "Chess.com INT"]
[Date "2024.09.24"]
[Round "5"]
[White "Marcziter, Dmitrii"]
[Black "Kunz, Andre"]
[Result "0-1"]
[WhiteElo "2220"]
[BlackElo "2122"]
[PlyCount "86"]
[EventDate "2024.09.24"]
[EventType "swiss (blitz)"]
[EventRounds "11"]
[EventCountry "USA"]
[SourceTitle "EXT 2025"]
[Source "ChessBase"]
[SourceDate "2024.10.14"]
[SourceVersion "1"]
[SourceVersionDate "2024.10.14"]
[SourceQuality "1"]

1. d4 Nf6 2. c4 e6 3. Nf3 d5 4. Bg5 Be7 5. e3 0-0 6. Nc3 h6 7. Bh4 Ne4 8. Bxe7 Qxe7 9. Rc1 Nxc3 10. Rxc3 dxc4 11. Bxc4 b6 12. 0-0 Bb7 13. Be2 Na6 14. Qa4 Nb4 15. Rfc1 Nd5 16. R3c2 Rfc8 17. a3 a5 18. Ne5 c5 19. dxc5 bxc5 20. Bf3 Nb6 21. Qb5 Bxf3 22. Nxf3 Nd7 23. Rd1 Rc7 24. Rcd2 Nf6 25. Qc4 Rb8 26. h3 Rcb7 27. Ne5 Rb6 28. Nd7 Nxd7 29. Rxd7 Qf6 30. Qxc5 Rxb2 31. e4 Kh7 32. Rc7 R8b5 33. Qd4 Rb1 34. Qd2 R5b2 35. Rc2 Rxc2 36. Qxc2 Rb2 37. Qc5 a4 38. Rf1 Rb3 39. e5 Qf4 40. Qc2+ g6 41. Qc5 Qf5 42. Qd6 Rd3 43. Qc5 Rb3 0-1

[Event "Titled Tuesday intern op 17th Sep Early"]
[Site "Chess,com INT"]
[Date "2024.09.17"]
[Round "8"]
[White "Denisenko, Denis"]
[Black "Kunz, Andre"]
[Result "1-0"]
[WhiteElo "1932"]
[BlackElo "2122"]
[PlyCount "111"]
[EventDate "2024.09.17"]
[EventType "swiss (blitz)"]
[EventRounds "11"]
[EventCountry "USA"]
[SourceTitle "EXT 2025"]
[Source "ChessBase"]
[SourceDate "2024.10.14"]
[SourceVersion "1"]
[SourceVersionDate "2024.10.14"]
[SourceQuality "1"]

1. e4 c5 2. Nf3 d6 3. d4 cxd4 4. Nxd4 Nf6 5. Nc3 a6 6. f3 e5 7. Nb3 h5 8. Be3 Be7 9. Qd2 Be6 10. 0-0-0 Nbd7 11. h3 h4 12. f4 b5 13. f5 Bxb3 14. axb3 Qa5 15. Kb1 b4 16. Nd5 Nxe4 17. Qe1 Ng3 18. Rg1 Nxf5 19. Bf2 Qd8 20. Bd3 g6 21. Rf1 Rb8 22. Nxb4 Qa5 23. Nxa6 Qxe1 24. Rfxe1 Rc8 25. Nb4 0-0 26. Nd5 Bd8 27. Bxf5 gxf5 28. Ne3 f4 29. Nc4 Rxc4 30. bxc4 Be7 31. b4 f5 32. c3 e4 33. Rd5 Ne5 34. Kc2 Nd3 35. Rxd3 exd3+ 36. Kxd3 Bf6 37. Re6 Be5 38. Bxh4 Ra8 39. c5 Ra3 40. Rxe5 dxe5 41. c6 Kf7 42. b5 Ke6 43. b6 e4+ 44. Kc4 f3 45. gxf3 exf3 46. b7 Ra4+ 47. Kd3 Rxh4 48. b8Q Re4 49. Qb3+ Kf6 50. c7 f2 51. Qb6+ Kg5 52. Qxf2 f4 53. Kxe4 Kh5 54. c8Q Kg6 55. Qg4+ Kh6 56. Qfh4# 1-0

[Event "Titled Tuesday intern op 17th Sep Early"]
[Site "Chess,com INT"]
[Date "2024.09.17"]
[Round "3"]
[White "Kunz, Andre"]
[Black "Baradaran Tamadon, Arian"]
[Result "0-1"]
[WhiteElo "2122"]
[BlackElo "2323"]
[PlyCount "116"]
[EventDate "2024.09.17"]
[EventType "swiss (blitz)"]
[EventRounds "11"]
[EventCountry "USA"]
[SourceTitle "EXT 2025"]
[Source "ChessBase"]
[SourceDate "2024.10.14"]
[SourceVersion "1"]
[SourceVersionDate "2024.10.14"]
[SourceQuality "1"]

1. e4 d5 2. exd5 Qxd5 3. Nc3 Qd6 4. d4 Nf6 5. Nf3 Nc6 6. Bb5 a6 7. Be2 Bg4 8. Be3 0-0-0 9. Qd2 e5 10. dxe5 Qe6 11. Bd3 Bxf3 12. gxf3 Nxe5 13. 0-0-0 Bb4 14. a3 Ba5 15. b4 Bb6 16. Bxb6 Nxd3+ 17. cxd3 Qxb6 18. Kc2 Rd4 19. Rc1 Rhd8 20. Rhd1 Qc6 21. Kb2 Qxf3 22. Qc2 c6 23. b5 axb5 24. Nxb5 Rxd3 25. Rxd3 Qxd3 26. Na7+ Kb8 27. Nxc6+ bxc6 28. Qxc6 Qd7 29. Qc5 Rc8 30. Qe5+ Rc7 31. Ka1 Kc8 32. Rb1 Qe6 33. Qb5 Qc6 34. Qb8+ Kd7 35. Rd1+ Nd5 36. Qb2 Qd6 37. Ka2 Qe6 38. Qb5+ Ke7 39. Qxd5 Rc2+ 40. Ka1 Qxd5 41. Rxd5 Rxf2 42. Re5+ Kf6 43. Rh5 h6 44. Rh3 g5 45. a4 Kg6 46. a5 Rd2 47. Ra3 Rd7 48. a6 Ra7 49. Kb2 f5 50. Kc3 f4 51. Kd4 Kf5 52. Ra5+ Kg4 53. Ke4 h5 54. Ra3 Kh4 55. h3 Re7+ 56. Kf5 Rf7+ 57. Kg6 Ra7 58. Kf5 f3 0-1

[Event "Titled Tuesday intern op 17th Sep Early"]
[Site "Chess,com INT"]
[Date "2024.09.17"]
[Round "2"]
[White "Ruperez, Miguel Angel"]
[Black "Kunz, Andre"]
[Result "0-1"]
[WhiteElo "2135"]
[BlackElo "2122"]
[PlyCount "108"]
[EventDate "2024.09.17"]
[EventType "swiss (blitz)"]
[EventRounds "11"]
[EventCountry "USA"]
[SourceTitle "EXT 2025"]
[Source "ChessBase"]
[SourceDate "2024.10.14"]
[SourceVersion "1"]
[SourceVersionDate "2024.10.14"]
[SourceQuality "1"]

1. d4 Nf6 2. c4 e6 3. Nf3 b6 4. g3 Bb7 5. Bg2 Be7 6. 0-0 0-0 7. b3 a5 8. a3 d6 9. Bb2 Nbd7 10. Nbd2 Re8 11. Qc2 c5 12. d5 exd5 13. Nh4 Ne4 14. Nf5 Ndf6 15. cxd5 Nxd2 16. Qxd2 Bf8 17. Qg5 Kh8 18. Nh6 Qe7 19. Bxf6 Qxf6 20. Qxf6 gxf6 21. Ng4 Rxe2 22. Rae1 Rae8 23. Rxe2 Rxe2 24. Nxf6 Bg7 25. Nd7 Rb2 26. Nxb6 Rxb3 27. Nc4 Ba6 28. Rc1 Bxc4 29. Rxc4 Rxa3 30. Re4 Ra1+ 31. Bf1 Be5 32. f4 Bd4+ 33. Kg2 Ra2+ 34. Kh3 a4 35. Kg4 Rxh2 36. Re7 Kg7 37. Ra7 h5+ 38. Kf5 Ra2 39. Bb5 a3 40. Be8 c4 41. Bxf7 Bxa7 42. Bxh5 c3 43. Ke6 c2 44. f5 c1Q 45. f6+ Kf8 46. g4 Qg5 47. f7 Re2+ 48. Kd7 Qe7+ 49. Kc6 Rc2+ 50. Kb5 Qb7+ 51. Ka4 Rc4+ 52. Kxa3 Qb4+ 53. Ka2 Rc2+ 54. Ka1 Bd4# 0-1